Bankruptcy law in East Africa /

Gardado en:
Detalles Bibliográficos
Autor Principal: Macneil, Ian R.
Formato: Libro
Idioma:English
Publicado: [Nairobi : Legal Publications], c1966.
Subjects:
LEADER 00868cam a2200265 a 4500
001 c000296167
003 CARM
005 20100511103120.0
008 700802s1966 ke 001 0 eng d
010 |a 68007365 
019 1 |a 694999  |5 LACONCORD2021 
025 |a Ke-E-8 
035 |a (OCoLC)434747  |5 LACONCORD2021 
040 |a LC  |b eng  |c LC  |d LC 
043 |a fe----- 
050 0 0 |a LAW 
082 0 4 |a 347.7 
100 1 |a Macneil, Ian R. 
245 1 0 |a Bankruptcy law in East Africa /  |c Ian R. Macneil. 
260 |a [Nairobi :  |b Legal Publications],  |c c1966. 
300 |a xvi, 242 p. ;  |c 25 cm. 
650 0 |a Bankruptcy  |z Africa, East. 
852 8 |b CARM  |h A3:AI07B0  |i B11569  |p 0538261  |f BK 
999 f f |i 02ea695f-ede0-5c16-8a22-b807ac785142  |s cfc0ba14-09dc-5036-99ec-5378c3527593 
952 f f |p Can circulate  |a CAVAL  |b CAVAL  |c CAVAL  |d CARM 1 Store  |e B11569  |f A3:AI07B0  |h Other scheme  |i book  |m 0538261